000 00748 a2200253 4500
999 _c8838
_d8838
020 _a9780414034662
050 0 0 _aKD 1554 CHI 2014
100 1 _aChitty, Joseph
_eauthor
245 1 0 _aChitty on contracts.
_cH.G. Beale, A.S. Burrows..[et al]
250 _a31th ed.
264 1 _aLondon :
_bSweet & Maxwell :
_bThomson Reuters,
_c2014
300 _a521p.:
500 _aIncludes bibliographical references and index
504 _aIncludes bibliographical references and index
650 0 _aContracts
650 7 _aContracts.
650 7 _aVertragsrecht.
651 7 _aEngland.
651 7 _aWales.
651 7 _aGrossbritannien.
700 1 _aBurrows, A.S.
_deditor
700 1 _aBeale, H. G.,
_eeditor.
942 _2lcc
_cBK
_h1554
_iCHI
_kKD